00972nam a2200241 u 450000100100000000500170001000800410002702000150006804000250008304100380010808200150014610000240016124000820018524501540026726000430042130000210046449000310048553400900051670000310060670000280063770000320066583000330069700002494820200930023452.0110208s1994 ck ad r 000 0 spa d a9589061729 aDO-SdBNPbspacBNPHU17aspaheng2Código de idioma MARC aNNNbM638p1 aMilburn, Michael A.10aPersuasion and politics : the social psychology of public opinionlEspañol.10aPersuasión y política :bla psicología social de la opinión pública /cMichael A. Milburn ; traducción del inglés Pompilio Gutiérrez. aSantafé de Bogotá :bCerec,c1994. a245 p. ;c20 cm.1 aAutores norteamericanosv5 aTítulo original:tPersuasion and politics : the social psychology of public opinion1 aGutiérrez, Pompilioetr.1 aCárdenas, Marthaeed.1 aCorrea, Hernán Darioeed. 0aAutores norteamericanos ;v5